000 00638cam a22001934a 4500
001 13924069
005 20250530113856.0
008 050408s2005 miu b 001 0 eng
020 _a0802829325 (cloth : alk. paper)
050 0 0 _aBV4211.3
_b.L57 2005
082 0 0 _a251
_222
100 1 _aLischer, Richard.
245 1 4 _aThe end of words :
_bthe language of reconciliation in a culture of violence /
_cRichard Lischer.
260 _aGrand Rapids, Mich. :
_bWilliam B. Eerdmans Pub.,
_cc2005.
300 _ax, 179 p. ;
_c20 cm.
650 0 _aPreaching.
650 0 _aReconciliation
_xReligious aspects
_xChristianity.
942 _2lcc
_cBK
_n0
999 _c6058
_d6058